000 02018cam a2200313 4500500
005 20260222011929.0
041 _afre
042 _adc
100 1 0 _aFageol, Pierre-Éric
_eauthor
700 1 0 _aGaran, Frédéric
_eauthor
700 1 0 _aGauvin, Gilles
_eauthor
245 0 0 _aLa Réunion, Mayotte et Madagascar : la violence faite aux enfants et aux adolescents
260 _c2024.
500 _a33
520 _aBeyond the idyllic vision of childhood that Paul et Virginie may have conveyed, the societies of the south-west Indian Ocean have been durably marked by slavery and the colonial system, which resulted in broken family structures, with children being the first victims, both at the family level and in the actions of the institutions. Comics and graphic novels echo the emotional and financial deprivation suffered by children, as well as the family and institutional violence.
520 _aAu-delà de la vision idyllique sur l’enfance qu’a pu véhiculer Paul et Virginie, les sociétés du sud-ouest de l’océan Indien ont été durablement marquées par l’esclavage et le système colonial dont il ressort des structures familiales éclatées, les enfants en étant les premières victimes, tant au niveau familial que dans les actions des institutions. Humoristiques ou documentaires, les bandes dessinées se font l’écho de la misère affective et financière, ainsi que des violences familiales et institutionnelles.
690 _a« enfants de la Creuse »
690 _aenfants
690 _aRéunion
690 _asociétés du sud-ouest de l’océan Indien
690 _aviolence des adultes
690 _a“children of Creuse”
690 _aadult violence
690 _achildren
690 _aReunion Island
690 _asouth-west Indian Ocean
786 0 _nL'irrégulière | 26 | 1 | 2024-09-23 | p. 21-40 | 1962-9419
856 4 1 _uhttps://shs.cairn.info/revue-d-histoire-de-l-enfance-irreguliere-2024-1-page-21?lang=fr&redirect-ssocas=7080
999 _c1670031
_d1670031